Malý katechizmus

Bibliographic Details
Other Authors: Varga, Imrich, 1905-1980 (Compiler)
Format: Book
Language:Slovak
PhysicalDescription:120, [3] s. 12°
Published: Bratislava Rimavská Sobota Cirkevné nakladateľstvo Predsedníctvo synody Reformovanej kresťanskej cirkvi na Slovensku 1965
Subjects:

MARC

LEADER 00000cam a2200000 a 4500
001 vtls008334075
003 SK-MaSNL
005 20260302003752.0
008 251124s1965 xo 000 0 slo
015 |a SNBA1965/10-02467 
035 |a SK01SNK19650026292 
035 |a urn:nbn:sk:snk-am3higw 
035 |a 8964CBB4-7A8E-45C5-8F00-A902B8846906 
035 |a urn:nbn:sk:snk-am00d1hk 
035 |a SKM000028755 
040 |a SNK  |b slo  |c SNK  |e AACR2 
041 0 |a slo 
044 |a xo  |c SK 
080 |a 284.2  |2 1981 
245 0 0 |a Malý katechizmus  |c používajúc Heidelberský katechizmus a Malý katechizmus Alexandra Ágostona zost.: Imrich Varga 
246 1 4 |a Malý katechizmus reformovanej kresťanskej cirkvi 
260 |a Bratislava  |b Cirkevné nakladateľstvo  |a Rimavská Sobota  |b Predsedníctvo synody Reformovanej kresťanskej cirkvi na Slovensku  |c 1965  |e Trnava  |f Polygrafické závody 
300 |a 120, [3] s.  |c 12° 
500 |a Vyd. Predsedníctvo synody Reformovanej cirkvi na Slovensku Rim. Sobota v CN 
610 2 7 |a Reformovaná kresťanská cirkev na Slovensku  |2 SNKKA  |9 102300 
650 0 7 |a katechizmy  |2 SNKPH  |9 37059 
650 0 7 |a náboženská literatúra  |2 SNKPH  |9 1487 
655 7 |a príručky  |2 SNKPH  |9 74364 
700 1 |a Varga, Imrich,  |d 1905-1980  |4 com  |9 239334 
852 |a Slovenská národná knižnica 
954 |a odborná, vedecká literatúra pôvodná (slovenská)  |2 lita 
958 |a OND 
958 |a RK 
958 |a TL 
958 |a NT 
958 |a EUIPO 
999 |c 993262  |d 995192 
952 |a SNK  |b SNK  |y VYP  |7 0  |p 17A1190714  |o snkSE 3957 D1  |i snkKSP 4550/65  |0 0  |1 0  |4 0  |d 2018-10-12  |l 0  |r 2026-02-24 11:55:44  |w 2026-02-24 
952 |a SNK  |b SNK  |y PREZ  |7 0  |p 17A0744626  |o snkSE 3957  |i snkKSP 45449/65  |0 0  |1 0  |4 0  |d 2018-05-10  |f 1  |l 0  |r 2026-02-24 11:55:44  |w 2026-02-24